Adjustment of financial relations between the centre and the states (Record no. 501202)

000 -LEADER
fixed length control field 00467cam a22001457a 4500
008 - FIXED-LENGTH DATA ELEMENTS--GENERAL INFORMATION
fixed length control field 180718b1963 xxu||||| |||| 00| 0 eng d
082 ## - DEWEY DECIMAL CLASSIFICATION NUMBER
Classification number APPPA 1963/4
100 ## - MAIN ENTRY--PERSONAL NAME
Personal name Durgiah, N. Eashwar Rao
245 ## - TITLE STATEMENT
Title Adjustment of financial relations between the centre and the states
Statement of responsibility, etc. by N. Eashwar Rao Durgiah
260 ## - PUBLICATION, DISTRIBUTION, ETC.
Place of publication, distribution, etc. New Delhi
Name of publisher, distributor, etc. Indian Institute of Public Administration
Date of publication, distribution, etc. 1963
300 ## - PHYSICAL DESCRIPTION
Extent 91p.
650 ## - SUBJECT ADDED ENTRY--TOPICAL TERM
Topical term or geographic name entry element States
650 ## - SUBJECT ADDED ENTRY--TOPICAL TERM
Topical term or geographic name entry element Centre
650 ## - SUBJECT ADDED ENTRY--TOPICAL TERM
Topical term or geographic name entry element Financial relations
Holdings
Withdrawn status Lost status Damaged status Not for loan Permanent Location Current Location Date acquired Full call number Barcode Date last seen Price effective from Koha item type
        Indian Institute of Public Administration Indian Institute of Public Administration 2018-08-04 APPPA 1963/4 GR7039 2018-08-04 2018-08-04 GR

Powered by Koha